01234nam a22001697a 4500003000900000005001700009008004100026040001300067100001800080245011300098250001100211260003300222300001800255490000800273500003400281520074900315IT-RoPau20220918181103.0130404b xxu||||| |||| 00| 0 eng d cIT-RoPau aSassi, Silvio aBoletín oficial interno de la Sociedad de San Pablob"Progresad cada vez más" Carta del Superior General a1° ed aRomabSSP Casa Generalc2005 a31 pp.c21 cm aSSP aAno - n° 417 - Marzo de 2005 aĺndice Carta del Superior General "Progresad cada ves más": Presentación general Primera carta a los Tesalonicenses I. Introducción 1. La ciudad de Tesalónica 2. Fundación de la comunidad 3. Perfil de los cristianos de Tesalónica 4. La primera carta a los Tesalonicenses 5. Importancia de la carta II. La carta y sus principales temas 1. "Continuamente damos gracias a Dios..." (1,2 - 3,13) 2. "...os pedimos y os exhortamos en el nombre de Jesús, el Senor ..." (4,1 - 5,27) III. La carta en el P. Alberione y consecuencias para nosotros hoy 1. ¿Cómo leyó e interpretó el P. Alberione la primera carta a los Tesalonicenses? 2. Consecuencias para nosotros hoy en día IV. Pasos para una "lectio paulina" de la carta